Auctioneers selling real estate in England and Wales (Record no. 103363)

MARC details
000 -LEADER
fixed length control field 01415cam a2200277 4500
001 - CONTROL NUMBER
control field L125207
008 - FIXED-LENGTH DATA ELEMENTS--GENERAL INFORMATION
fixed length control field #DATE n2004 000 0 eng u
020 ## - INTERNATIONAL STANDARD BOOK NUMBER
International Standard Book Number 1842191810
035 ## - SYSTEM CONTROL NUMBER
System control number (Sirsi) u125207
041 0# - LANGUAGE CODE
Language code of text/sound track or separate title eng
050 04 - LIBRARY OF CONGRESS CALL NUMBER
Classification number 380.1 $2 18
110 2# - MAIN ENTRY--CORPORATE NAME
Corporate name or jurisdiction name as entry element Royal Institution of Chartered Surveyors
Subordinate unit Real Estate Auction Group
9 (RLIN) 4349
245 00 - TITLE STATEMENT
Title Auctioneers selling real estate in England and Wales
Statement of responsibility, etc. [old edition]
250 ## - EDITION STATEMENT
Edition statement 4th ed.
260 ## - PUBLICATION, DISTRIBUTION, ETC.
Place of publication, distribution, etc. London
Name of publisher, distributor, etc. RICS
Date of publication, distribution, etc. 2004
300 ## - PHYSICAL DESCRIPTION
Extent 19p.
Dimensions 30cm.
350 ## - PRICE (NR) (BK AM CF MU VM SE) [OBSOLETE]
Price 20
490 #0 - SERIES STATEMENT
Series statement RICS Guidance Note
520 ## - SUMMARY, ETC.
Summary, etc. Clarifies real estate auctioneers' professional responsibilities and provides advice on best practice before, during and after the auction. Also covers legal responsibilities, the auction catalogue and online marketing. Appendices include variations for Scottish auctions, Value Added Tax and sale of qualifying investments under the Landlord and Tenant Act 1987 (as amended). Bibiography.
520 ## - SUMMARY, ETC.
Summary, etc. Supersedes third edition "Guidance notes for auctioneers proposing to sell real estate at auction in England and Wales" (J115112).
520 ## - SUMMARY, ETC.
Summary, etc. Superseded by 5th edition 2009 (ISBN 9781842154750).
651 #4 - SUBJECT ADDED ENTRY--GEOGRAPHIC NAME
Geographic name Great Britain
Chronological subdivision 1707-
690 ## - LOCAL SUBJECT ADDED ENTRY--TOPICAL TERM (OCLC, RLIN)
Topical term or geographic name as entry element PROPERTY-AUCTIONEERING
856 41 - ELECTRONIC LOCATION AND ACCESS
Uniform Resource Identifier <a href="https://www.isurv.com/site/scripts/download_info.aspx?fileID=2787">https://www.isurv.com/site/scripts/download_info.aspx?fileID=2787</a>
Public note View the guidance note (subscribers only) at www.isurv.com
942 ## - ADDED ENTRY ELEMENTS (KOHA)
Suppress in OPAC 0
Source of classification or shelving scheme Dewey Decimal Classification
Holdings
Withdrawn status Lost status Source of classification or shelving scheme Damaged status Not for loan Home library Current library Shelving location Date acquired Total Checkouts Full call number Barcode Date last seen Copy number Price effective from Koha item type Date last checked out
    Dewey Decimal Classification     London London RICS Boxes 26/08/2004   RICS 2004/22 30069500 06/08/2019 1 06/08/2019 Reference material  
    Dewey Decimal Classification     London London RICS Boxes 26/08/2004   RICS 2004/22 30069455 06/08/2019 2 06/08/2019 Reference material  
    Dewey Decimal Classification     London London RICS Boxes 26/08/2004 4 RICS 2004/22 30069459 06/08/2019 3 06/08/2019 Book 06/02/2006